000 00278 a2200121 4500
001 146808
040 _cEscola São Tomás de Aquino
100 _aRACHLIN, Ann
240 1 0 _aCrianças famosas
_lpor
245 1 0 _aCrianças famosas
697 _a*LITERATURA INFANTO
942 _cBK
999 _c146808
_d146808